Missing Word: United States by the Letter Quiz Stats

 Plays Quiz Updated Oct 27, 2018

Score 0/12 Timer 04:00
0 Plays Today
Fact Answer % Correct
The Fourth of July, also known as ____________ Day, celebrates the day America broke away from Great Britain and claimed to be a sovereign state.Independence
98.3%
Despite not inventing many of his patents outright, ______ Edison made many products commercially successful and was known as the 'Wizard of Menlo Park'.Thomas
96.3%
The _______ Court is the highest court in the federal judiciary of the United StatesSupreme
96.2%
______ the 16th state admitted to the Union, is home to Nashville, a cultural center of country music.Tennessee
95.3%
The American Civil War ended in 1865 when Robert E. Lee surrendered to General _______ S. Grant at Appomattox Courthouse.Ulysses
95.2%
There were ______ original colonies.Thirteen
95%
Known for being home to the Space Needle, _______ is the eighteenth most populous city in America and most populous in Washington.Seattle
94.7%
After the Constitution was written in 1787, the first state to ratify it was ________.Delaware
94.6%
America has had many controversial leaders, such as ______ Jackson, a war hero who forced natives to go on the Trail of Tears and fought with the National Bank.Andrew
90.3%
_____ Island, in Upper New York Bay, welcomed over 12 million immigrants to the United States. Ellis
90.1%
Author of The Scarlet Letter, _________ Hawthorne was a key figure in American literature and helped found the dark romanticism movement.Nathaniel
87%
The women's suffrage movement, started by _________ Cady Stanton, led to the freedom to vote being granted to women in 1920.Elizabeth
72.2%

Today's Daily Dose

You're not logged in!

Compare scores with friends on all Sporcle quizzes.
OR
Log In

Sporcle TV

Today on Sporcle TV


Watch our educational content, quiz creation guides, and fun videos on Sporcle TV.

Show Comments

Extras

Top Quizzes Today


Score Distribution

Your Account Isn't Verified!

In order to create a playlist on Sporcle, you need to verify the email address you used during registration. Go to your Sporcle Settings to finish the process.

Report this User

Report this user for behavior that violates our Community Guidelines.

Details: